The faith of Billy Graham / (Record no. 2398)

MARC details
000 -LEADER
fixed length control field 00973cam a22003014a 4500
001 - CONTROL NUMBER
control field 14389674
003 - CONTROL NUMBER IDENTIFIER
control field GBCCL
005 - DATE AND TIME OF LATEST TRANSACTION
control field 20241126110428.0
008 - FIXED-LENGTH DATA ELEMENTS--GENERAL INFORMATION
fixed length control field 060525r20061968nyu 000 0 eng
010 ## -
-- 2006618055
020 ## - INTERNATIONAL STANDARD BOOK NUMBER
International Standard Book Number 0517124300
040 ## - CATALOGING SOURCE
Original cataloging agency DLC
Transcribing agency DLC
Modifying agency DLC
042 ## -
-- pcc
050 00 -
-- BV3785.G69
-- A3 2006
082 00 - DEWEY DECIMAL CLASSIFICATION NUMBER
Classification number 252.3
Edition information 22
Item number GRA
100 1# - MAIN ENTRY--PERSONAL NAME
Personal name Graham, Billy,
Dates associated with a name 1918-
9 (RLIN) 449
245 14 - TITLE STATEMENT
Title The faith of Billy Graham /
Statement of responsibility, etc. compiled and edited by Trudy S. Settel ; introduction by Cort R. Flint.
246 30 -
-- Billy Graham
260 ## - PUBLICATION, DISTRIBUTION, ETC.
Place of publication, distribution, etc. New York :
Name of publisher, distributor, etc. Testament Books,
Date of publication, distribution, etc. 1970.
300 ## - PHYSICAL DESCRIPTION
Extent 159 p. ;
Dimensions 24 cm.
500 ## - GENERAL NOTE
General note Originally published: Anderson, S.C. : Droke House, 1968.
600 10 - SUBJECT ADDED ENTRY--PERSONAL NAME
Personal name Graham, Billy,
Dates associated with a name 1918-
9 (RLIN) 449
630 00 - SUBJECT ADDED ENTRY--UNIFORM TITLE
Uniform title Bible
General subdivision Homiletical use.
9 (RLIN) 1148
700 1# - ADDED ENTRY--PERSONAL NAME
Personal name Settel, Trudy S.
9 (RLIN) 4965
906 ## - LOCAL DATA ELEMENT F, LDF (RLIN)
a 7
b cbc
c orignew
d 2
e ncip
f 20
g y-gencatlg
942 ## - ADDED ENTRY ELEMENTS (KOHA)
Source of classification or shelving scheme Dewey Decimal Classification
Koha item type Books
Koha issues (borrowed), all copies 1
Holdings
Withdrawn status Lost status Source of classification or shelving scheme Damaged status Not for loan Home library Current Library Shelving location Date acquired Total checkouts Full call number Barcode Date last seen Date last checked out Copy number Price effective from Koha item type
    Dewey Decimal Classification     GRACE BIBLE COLLEGE GRACE BIBLE COLLEGE Ministry & Mission 2017-08-10 3 252.3 GRA 008937 2025-05-01 2021-04-08 c.1 2017-08-10 Books
© Grace Bible College Library 2025